• 首页
  • 本馆介绍
  • 公告通知
  • 最新文献
  • 馆藏检索
  • 电子资源
  • 读者导购
  • 参考咨询
  • 我的图书馆
  • 登录
  • 详细信息显示
  • 放入我的书架
  • 预约/预借图书
  • 作者相关作品
  • 分类相关作品
  • 丛书相关作品
  • 出版社相关作品

书目信息

  • 表格格式
  • 工作单格式
  • 卡片格式
题名:
伯林谈话录
    
 
作者: 贾汉贝格鲁 著 ;杨祯钦 译
分册:  
出版信息: 南京   译林出版社  2002
页数: 200页
开本: 20cm
丛书名: 人文与社会译丛
单 册:
中图分类: B561.59
科图分类:
主题词: 哲学--英国--现代
电子资源:
ISBN: 7-80657-375-5
000 00726nam0 2200241 450
001 0530594374
005 20050920083710.71
010    @a7-80657-375-5@dCNY13.50
100    @a20050920d2002 km y0chiy0120 ea
101 0  @achi
102    @aCN@b320000
102    @aCN@b320000
200 1  @a伯林谈话录@Abo lin tan hua lu@f(伊朗)拉明·贾汉贝格鲁著@F(yi lang)la ming·jia han bei ge lu zhu@g杨祯钦译
210    @a南京@c译林出版社@d2002
215    @a200页@d20cm
225    @a人文与社会译丛
410  0 @12001 @a人文与社会译丛
606 0  @a哲学@y英国@z现代
690    @aB561.59@v4
701  0 @a贾汉贝格鲁@Ajia han bei ge lu@4著
702  0 @a杨祯钦@Ayang zhen qin@4译
801  0 @aCN@bPFT@c20050920
905    @a10447@dB561.59@e24
    
    伯林谈话录/(伊朗)拉明·贾汉贝格鲁著/杨祯钦译.-南京:译林出版社,2002
    200页;20cm.-(人文与社会译丛)
    
    
    ISBN 7-80657-375-5:CNY13.50
    
●
相关链接 在E读中查询图书 在五车中查询图书 在当当中查询图书 在豆瓣中查询图书


正题名:伯林谈话录     索取号:B561.59/24         预约/预借

序号 登录号 条形码 馆藏地/架位号 状态 备注
1 0362074   203620741   第一样本阅览室/ [索取号:B561.59/24] 在馆    
2 0362075   203620750   第一借阅区/ [索取号:B561.59/24] 在馆    
3 0362076   203620769   第一借阅区/ [索取号:B561.59/24] 在馆    
唐山师范学院图书馆 欢迎您!
大连网信软件有限公司© 版权所有